Experiencing architecture in the nineteenth century : buildings and society in the modern age
Bringing together fourteen original essays, this collection opens up new perspectives on the architectural history of the nineteenth century by examining the buildings of the period through the lens of 'experience'. With a focus on the experience of the ordinary building user - rather than...
Saved in:
| Other Authors | , |
|---|---|
| Format | Electronic eBook |
| Language | English |
| Published |
London :
Bloomsbury Academic,
2019.
|
| Subjects | |
| Online Access | Full text |
| ISBN | 9781350045958 9781350045941 9781350045965 |
| Physical Description | 1 online zdroj. |
Cover
| LEADER | 00000nam a2200000 i 4500 | ||
|---|---|---|---|
| 001 | 115487 | ||
| 003 | CZ-ZlUTB | ||
| 005 | 20260416143926.0 | ||
| 006 | m o d | ||
| 007 | cr cnu---unuuu | ||
| 008 | 180920s2019 enk ob 001 0 eng d | ||
| 040 | |a EBZ |b eng |c EBZ |e rda | ||
| 020 | |a 9781350045958 |q (electronic bk.) | ||
| 020 | |z 9781350045941 | ||
| 020 | |z 9781350045965 |q (epdf) | ||
| 245 | 0 | 0 | |a Experiencing architecture in the nineteenth century : |b buildings and society in the modern age / |c [edited by] Edward Gillin and H. Horatio Joyce. |
| 264 | 1 | |a London : |b Bloomsbury Academic, |c 2019. | |
| 300 | |a 1 online zdroj. | ||
| 336 | |a text |b txt |2 rdacontent | ||
| 337 | |a počítač |b c |2 rdamedia | ||
| 338 | |a online zdroj |b cr |2 rdacarrier | ||
| 504 | |a Obsahuje bibliografické odkazy a index. | ||
| 505 | 0 | |a Identity and Society -- Knowledge and Learning -- Senses and the Body -- Audiences and Designers. | |
| 506 | |a Plný text je dostupný pouze z IP adres počítačů Univerzity Tomáše Bati ve Zlíně nebo vzdáleným přístupem pro zaměstnance a studenty | ||
| 520 | 8 | |a Bringing together fourteen original essays, this collection opens up new perspectives on the architectural history of the nineteenth century by examining the buildings of the period through the lens of 'experience'. With a focus on the experience of the ordinary building user - rather than simply on the intentions of the designer - the book shows that new and important insights can be brought to our understanding of Victorian architecture. The chapters present a range of ideas and new research - some examining individual building case studies (from grand hotels and clubhouses in New York to the parliament buildings of Westminster), and others exploring conceptual questions about the nature of architectural experience, whether sensory or otherwise. Yet they share the premise that the idea of the 'experience of architecture' took on a new and particular significance with the rise of industrial modernity, and they examine what contemporary people - both architects and non-architects - understood by this idea. The insights in this volume extend beyond the study of Victorian architecture. Together they suggest how 'experience' might be used as a framework to produce a more convincingly historical account of the artefacts of architectural history. | |
| 588 | 0 | |a Description based on online resource; title from PDF title page (EBSCO, viewed September 20, 2018). | |
| 650 | 0 | |a Architecture and society |x History |y 19th century. | |
| 650 | 0 | |a Architecture |x Psychological aspects. | |
| 655 | 7 | |a elektronické knihy |7 fd186907 |2 czenas | |
| 655 | 9 | |a electronic books |2 eczenas | |
| 700 | 1 | |a Gillin, Edward John, |d 1990- |e editor. | |
| 700 | 1 | |a Joyce, H. Horatio, |e editor. | |
| 856 | 4 | 0 | |u https://search.ebscohost.com/login.aspx?direct=true&scope=site&db=nlebk&db=nlabk&AN=1897541&authtype=ip,shib&custid=s3936755 |
| 992 | |c EBOOK-TN |c EBSCO | ||
| 993 | |x NEPOSILAT |y EIZ | ||
| 999 | |c 115487 |d 115487 | ||